Sistema financiero mexicano /

Contenido: 1) El sistema financiero y su importancia en la economía; 2) Breve historia del sistema financiero en México; 3) El marco jurídico del sistema financiero mexicano; 4) Estructura orgánica del sistema financiero mexicano; 5) Autoridades y organismos de apoyo al sistema financiero mexicano;...

Fuld beskrivelse

Guardado en:
Bibliografiske detaljer
Hovedforfatter: Díaz Mondragón, Manuel (autor)
Andre forfattere: Vázquez Carrillo, Nitzia (autor) (autor)
Format: Bog
Sprog:spansk
Udgivet: México : Trillas, 2016, c2016
Udgivelse:2a edición
Fag:
Tags: Tilføj Tag
Ingen Tags, Vær først til at tagge denne postø!

MARC

LEADER 00000nam^a2200000^a^4500
001 000420505
005 20250521000000.0
009 20260310122511.767
020 |a 978-607-17-2740-4 
037 |a Acervo ITESO - Biblioteca 
041 |a ESP 
082 |a 332. 0972  |b DIA 
100 |a Díaz Mondragón, Manuel  |e (autor) 
245 1 0 |a Sistema financiero mexicano /  |c M. Díaz Mondragón, N. Vázquez Carrillo ; pról. de Miguel Siliceo Valdespino. 
250 |a 2a edición 
264 4 |a México :  |b Trillas,  |c 2016, c2016 
300 |a 566 p. 
336 |a texto  |b txt  |2 rdacontenido 
337 |a sin mediación  |b n  |2 rdamedio 
338 |a volumen  |b nc  |2 rdasoporte 
520 |a Contenido: 1) El sistema financiero y su importancia en la economía; 2) Breve historia del sistema financiero en México; 3) El marco jurídico del sistema financiero mexicano; 4) Estructura orgánica del sistema financiero mexicano; 5) Autoridades y organismos de apoyo al sistema financiero mexicano; 6) Estructura, funciones y productos del sector bancario en México; 7) Sector no bancario; 8) Sector bursátil y mercado de derivados; 9) Seguros y fianzas; 10) Introducción al sistema financiero internacional; Anexos. 
521 |a 2021 BO Licenciatura en Administración Financiera 
649 |a XX 
650 |a Instituciones Económicas -  |z México 
650 |a Bancos y Operaciones Bancarias -  |z México 
650 |a Fianzas -  |z México 
650 |a Seguros -  |z México 
650 |a Uniones de Crédito -  |z México 
650 |a Fondos de Inversión -  |z México 
650 |a Inversiones -  |z México 
650 |a Derivados Financieros -  |z México 
650 |a Mercado de Valores -  |z México 
650 |a Sistema Financiero -  |z México -  |x Historia 
650 |a Sistema Financiero -  |z México -  |x Tema Principal 
650 |a Finanzas Internacionales 
650 |a Finanzas -  |z México 
650 |a Economía -  |z México 
700 |a Vázquez Carrillo, Nitzia  |e (autor) 
910 |a Fondo General 
920 |a Impresos - Libros 
930 |a Colección General 
905 |a 101 
901 |a 0500336051  |b IT1  |c ACC  |i C172600  |u 20250521 
901 |a 0500336054  |b IT1  |c ACC  |i C172599  |u 20250521 
902 |a https://opac.biblio.iteso.mx/vufind/Record/000420505